| 000 | 00583nam a2200205 a 4500 | ||
|---|---|---|---|
| 001 | 2896 | ||
| 005 | 20140414131954.0 | ||
| 008 | 051024s19uu xx 00 eng d | ||
| 020 | _a0-07-572805-2 | ||
| 050 |
_aTR 372.4 _bESL 2002 |
||
| 245 | _aESL supplement (purple), L.4. | ||
| 250 | _aBlackline Masters. | ||
| 260 |
_aColumbus, Ohio : _bSRA/McGraw-Hill, _c2002. |
||
| 300 | _a120 p. ; cm. | ||
| 440 | _aSRA open court reading, purple. | ||
| 526 | _cGrade 4 | ||
| 650 |
_aReading _xStudy and teaching. |
||
| 650 |
_aEnglish language _xStudy and teaching. |
||
| 999 |
_c112867 _d112867 |
||